000 00643nam a2200217Ia 4500
005 20241126111835.0
008 210716s1985 xx 000 0 und d
020 _a0440165121
040 _cAIMIT LIBRARY
041 _aeng
082 _a808.83
_bALES
100 _aAlexander, Shana.
_9186584
245 _aNut cracker:
_bmoney, nadness murder a family album /
_cBy Shana Alexander.
250 _a1st ed.
260 _aNew York :
_bDell Publishing Co ;
_c1985.
300 _a448p. ;
_bPB
_c17 cm.
650 _aFamily
_9186585
650 _aOvertures
_9186586
650 _aBoiling over
_9186587
942 _2ddc
_cBK
_e1st ed.
_k808.83 ALES
999 _c199905
_d199905